Gemeinden von Pinneberg auf einer Karte - Statistiken

Allgemein
  • Dieses Quiz wurde 64 mal gespielt
  • Das Durchschnittsergebnis liegt bei 29 aus 49
Antworten auf der Karte
Die Antworten werden auf der Karte rot bzw. grün angezeigt, abhängig davon wie oft sie richtig erraten wurden.
 
Antwortstatistiken
Kreis Einwohner Gemeinde % Korrekt
amtsfrei 43.667 Pinneberg
95%
amtsfrei 49.983 Elmshorn
91%
amtsfrei 21.331 Quickborn
86%
amtsfrei 14.066 Tornesch
86%
amtsfrei 18.567 Uetersen
82%
amtsfrei 33.708 Wedel
82%
amtsfrei 10.356 Barmstedt
73%
Geest und Marsch Südholstein 4.847 Appen
68%
amtsfrei 17.944 Halstenbek
68%
amtsfrei 1.306 Helgoland
68%
Geest und Marsch Südholstein 4.445 Moorrege
68%
Pinnau 2.233 Prisdorf
68%
Geest und Marsch Südholstein 3.234 Holm
64%
amtsfrei 14.372 Rellingen
64%
amtsfrei 4.520 Bönningstedt
59%
Geest und Marsch Südholstein 800 Groß Nordende
59%
Geest und Marsch Südholstein 1.797 Haseldorf
59%
Geest und Marsch Südholstein 2.697 Heidgraben
59%
Geest und Marsch Südholstein 2.873 Heist
59%
Rantzau 1.695 Hemdingen
59%
Elmshorn-Land 3.337 Klein Nordende
59%
amtsfrei 19.332 Schenefeld
59%
Elmshorn-Land 1.017 Seester
59%
Elmshorn-Land 899 Seestermühe
59%
Elmshorn-Land 871 Seeth-Ekholt
59%
Rantzau 812 Bilsen
55%
Rantzau 386 Bullenkuhlen
55%
Pinnau 4.250 Ellerbek
55%
Rantzau 1.519 Ellerhoop
55%
Geest und Marsch Südholstein 1.067 Haselau
55%
Elmshorn-Land 3.106 Klein Offenseth-Sparrieshoop
55%
Pinnau 2.252 Tangstedt
55%
Rantzau 1.253 Bokholt-Hanredder
50%
Pinnau 2.524 Borstel-Hohenraden
50%
Hörnerkirchen 1.636 Brande-Hörnerkirchen
50%
Geest und Marsch Südholstein 1.365 Hetlingen
50%
Elmshorn-Land 3.416 Kölln-Reisiek
50%
Pinnau 2.346 Kummerfeld
50%
Rantzau 576 Bevern
45%
Hörnerkirchen 605 Bokel
45%
amtsfrei 3.747 Hasloh
45%
Rantzau 743 Heede
45%
Rantzau 771 Lutzhorn
45%
Geest und Marsch Südholstein 507 Neuendeich
45%
Hörnerkirchen 419 Osterhorn
45%
Elmshorn-Land 543 Raa-Besenbek
45%
Hörnerkirchen 1.330 Westerhorn
45%
Rantzau 432 Groß Offenseth-Aspern
41%
Rantzau 601 Langeln
41%
Keine übereinstimmenden Quizze gefunden
Verteilung der Resultate
Anzahl Personen mit jedem Resultat
Perzentil nach korrekt beantworteten Fragen
Ihre Resultats-Entwicklung
Sie haben dieses Quiz noch nicht gespielt